Welcome to CU Library Online Public Access Catalogue (OPAC)

Larson's book of spiritual warfare / (Record no. 6355)

MARC details
000 -LEADER
fixed length control field 00764cam a2200241 a 4500
001 - CONTROL NUMBER
control field 4036341
005 - DATE AND TIME OF LATEST TRANSACTION
control field 20250609140751.0
008 - FIXED-LENGTH DATA ELEMENTS--GENERAL INFORMATION
fixed length control field 981106s1999 tnu b 001 0 eng
020 ## - INTERNATIONAL STANDARD BOOK NUMBER
International Standard Book Number 0785269851 (pbk.)
020 ## - INTERNATIONAL STANDARD BOOK NUMBER
Canceled/invalid ISBN 9781418574413 (e-book)
050 00 - LIBRARY OF CONGRESS CALL NUMBER
Classification number BT981
Item number .L35 1999
082 00 - DEWEY DECIMAL CLASSIFICATION NUMBER
Classification number 235/.4
Edition information 21
100 1# - MAIN ENTRY--PERSONAL NAME
Personal name Larson, Bob,
Dates associated with a name 1944-
245 10 - TITLE STATEMENT
Title Larson's book of spiritual warfare /
Statement of responsibility, etc. Bob Larson.
260 ## - PUBLICATION, DISTRIBUTION, ETC.
Place of publication, distribution, etc. Nashville, Tenn. :
Name of publisher, distributor, etc. T. Nelson,
Date of publication, distribution, etc. c1999.
300 ## - PHYSICAL DESCRIPTION
Extent 481 p. ;
Dimensions 21 cm.
650 #0 - SUBJECT ADDED ENTRY--TOPICAL TERM
Topical term or geographic name entry element Spiritual warfare.
650 #0 - SUBJECT ADDED ENTRY--TOPICAL TERM
Topical term or geographic name entry element Devil
General subdivision Christianity.
650 #0 - SUBJECT ADDED ENTRY--TOPICAL TERM
Topical term or geographic name entry element Satanism.
650 #0 - SUBJECT ADDED ENTRY--TOPICAL TERM
Topical term or geographic name entry element Occultism
General subdivision Religious aspects
-- Christianity.
856 42 - ELECTRONIC LOCATION AND ACCESS
Materials specified Publisher description
Uniform Resource Identifier <a href="http://www.loc.gov/catdir/enhancements/fy0609/98051360-d.html">http://www.loc.gov/catdir/enhancements/fy0609/98051360-d.html</a>
942 ## - ADDED ENTRY ELEMENTS (KOHA)
Source of classification or shelving scheme Library of Congress Classification
Koha item type Books
Suppress in OPAC No
999 ## -
-- 6355
-- 6355
Holdings
Withdrawn status Lost status Source of classification or shelving scheme Damaged status Not for loan Collection Home library Current library Shelving location Date acquired Total checkouts Full call number Barcode Date last seen Copy number Price effective from Koha item type
    Library of Congress Classification     Non-fiction Undergraduate Library (Christ Temple) Undergraduate Library (Christ Temple) General stacks 06/09/2025   BT981 LAR ulct00003112 06/09/2025 1 06/01/2025 Books
© 2023-2024 Copyright: Central University Libraries. All Rights Reserved | Created by: Mahone Tech Office